Exile /

Bibliographic Details
Main Author: Rabbitt, Thomas, 1943-
Format: Book
Language:English
Published: [Pittsburgh] : University of Pittsburgh Press, [1975]
Series:Pitt poetry series.

MARC

Tag First Indicator Second Indicator Subfields
LEADER 00000cam a2200000 i 4500
001 in00000019763
005 20151007053722.0
008 741015s1975 pau 00010 eng
010 |a  74017527  
020 |a 082293292X 
020 |a 0822952564 (pbk.) 
035 |a (OCoLC)01093394 
035 |9 AAB2588AM 
040 |a DLC  |c DLC  |d m/c  |d TXA  |d UtOrBLW 
049 |a TXAM  |c [719638] 
050 0 0 |a PS3568.A22  |b E9 
082 0 |a 811/.5/4 
100 1 |a Rabbitt, Thomas,  |d 1943- 
245 1 0 |a Exile /  |c Thomas Rabbitt. 
264 1 |a [Pittsburgh] :  |b University of Pittsburgh Press,  |c [1975] 
300 |a xiii, 63 pages ;  |c 21 cm. 
336 |a text  |b txt  |2 rdacontent 
337 |a unmediated  |b n  |2 rdamedia 
338 |a volume  |b nc  |2 rdacarrier 
490 1 |a Pitt poetry series 
500 |a Poems. 
830 0 |a Pitt poetry series. 
999 |a MARS 
999 f f |s a89d8270-bd29-3e42-84b6-457236df3aa6  |i e218b2e5-ac68-3286-9bb9-c5eb27d89961  |t 0 
952 f f |p ric  |a Texas A&M University  |b Rellis Campus  |c Joint Library Facility  |d Remote Storage  |t 0  |e PS3568.A22 E9  |h Library of Congress classification  |i unmediated -- volume  |m A14810768762 
998 f f |a PS3568.A22 E9  |t 0  |l Remote Storage